[Event "XI Paracin Festival 2018"]
[Site "Paracin"]
[Date "2018.07.06"]
[Round "1"]
[White "Petrov, Georgi"]
[Black "Atalik, Suat"]
[Result "0-1"]
[WhiteElo "2213"]
[BlackElo "2512"]
[Annotator "ChessBase"]
[PlyCount "116"]
[EventDate "2018.07.06"]
[EventType "swiss"]
[EventCountry "SRB"]
[SourceTitle "playchess.com"]
[Source "ChessBase"]
[SourceQuality "1"]
[TimeControl "5400+30"]

1. Nf3 {[%emt 0:00:00]} d5 {[%emt 0:00:00]} 2. d4 {[%emt 0:00:00]} Nf6 {[%emt 0:01:03]} 3. c4 {[%emt 0:00:38]} e6 {[%emt 0:00:22]} 4. cxd5 {[%emt 0:00:26]} exd5 {[%emt 0:00:24]} 5. Nc3 {[%emt 0:00:17]} c6 {[%emt 0:00:37]} 6. Bg5 {[%emt 0:00:38]} h6 {[%emt 0:01:50]} 7. Bh4 {[%emt 0:02:50]} Bf5 {[%emt 0:00:54]} 8. e3 {[%emt 0:01:19]} Nbd7 {[%emt 0:04:49]} 9. Bd3 {[%emt 0:01:57]} Bxd3 {[%emt 0:00:09]} 10. Qxd3 {[%emt 0:00:05]} Be7 {[%emt 0:00:06]} 11. O-O {[%emt 0:01:24]} O-O {[%emt 0:00:09]} 12. Bxf6 {[%emt 0:02:02]} Bxf6 {[%emt 0:02:31]} 13. Rac1 {[%emt 0:04:57]} a5 {[%emt 0:01:57]} 14. Na4 {[%emt 0:02:54]} Re8 {[%emt 0:02:18]} 15. Nc5 {[%emt 0:09:01]} Nxc5 {[%emt 0:00:25]} 16. Rxc5 {[%emt 0:00:06]} Be7 {[%emt 0:00:16]} 17. Rc2 {[%emt 0:01:19]} a4 {[%emt 0:02:00]} 18. Qf5 {[%emt 0:06:29]} Bd6 {[%emt 0:01:54]} 19. Rfc1 {[%emt 0:06:21]} Qe7 {[%emt 0:04:43]} 20. Ne1 {[%emt 0:04:20]} g6 {[%emt 0:02:37]} 21. Qh3 {[%emt 0:02:29]} Kg7 {[%emt 0:02:28]} 22. Nd3 {[%emt 0:02:20]} h5 {[%emt 0:04:16]} 23. Nc5 {[%emt 0:05:30]} Ra5 {[%emt 0:09:33]} 24. Qf3 {[%emt 0:01:48]} h4 {[%emt 0:04:22]} 25. h3 {[%emt 0:10:00]} f5 {[%emt 0:05:13]} 26. a3 {[%emt 0:06:16]} Rf8 {[%emt 0:15:45]} 27. Rc3 {[%emt 0:03:45]} f4 {[%emt 0:04:54]} 28. Qg4 Bxc5 29. dxc5 Rb5 30. exf4 {[%emt 0:06:10]} d4 {[%emt 0:07:43]} 31. Rd3 {[%emt 0:04:03]} Rxc5 {[%emt 0:00:24]} 32. Rxc5 {[%emt 0:00:46]} Qxc5 {[%emt 0:00:08]} 33. Qd7+ {[%emt 0:01:43]} Kh6 {[%emt 0:00:17]} 34. Rxd4 {[%emt 0:07:14]} Rxf4 {[%emt 0:01:38]} 35. Rd2 {[%emt 0:00:43]} Re4 {[%emt 0:04:30]} 36. Rd1 {[%emt 0:03:16]} Re2 {[%emt 0:03:41]} 37. Qf7 {[%emt 0:00:37]} Qf5 {[%emt 0:03:07]} 38. Qxf5 {[%emt 0:00:38]} gxf5 {[%emt 0:00:03]} 39. Rd4 {[%emt 0:00:43]} Re1+ {[%emt 0:01:28]} 40. Kh2 {[%emt 0:00:09]} Re4 {[%emt 0:00:13]} 41. Rd7 {[%emt 0:01:32]} b5 {[%emt 0:00:14]} 42. Rd6+ {[%emt 0:01:18]} Kg5 {[%emt 0:00:07]} 43. Rxc6 {[%emt 0:01:08]} Re2 {[%emt 0:00:09]} 44. Rc5 {[%emt 0:00:22]} Rxb2 {[%emt 0:00:34]} 45. Kg1 {[%emt 0:00:36]} Kf4 {[%emt 0:01:54]} 46. Kf1 {[%emt 0:00:26]} b4 {[%emt 0:04:19]} 47. Ra5 {[%emt 0:00:24]} b3 {[%emt 0:01:35]} 48. Rxa4+ {[%emt 0:00:12]} Ke5 {[%emt 0:00:01]} 49. Rb4 {[%emt 0:01:47]} f4 {[%emt 0:02:33]} 50. a4 {[%emt 0:00:38]} Kd5 {[%emt 0:00:06]} 51. Ke1 {[%emt 0:00:53]} Kc5 {[%emt 0:00:34]} 52. Rb8 {[%emt 0:00:36]} Kc4 {[%emt 0:00:15]} 53. a5 {[%emt 0:00:35]} Ra2 {[%emt 0:00:20]} 54. Rc8+ {[%emt 0:00:28]} Kd3 {[%emt 0:00:48]} 55. Rd8+ {[%emt 0:00:18]} Kc2 {[%emt 0:00:11]} 56. Rc8+ {[%emt 0:00:33]} Kb1 {[%emt 0:00:10]} 57. Kd1 {[%emt 0:00:48]} b2 {[%emt 0:01:13]} 58. Rb8 Ka1 0-1

[Event "XI Paracin Festival 2018"]
[Site "Paracin"]
[Date "2018.07.06"]
[Round "1"]
[White "Bergsson, Stefan"]
[Black "Tan, Justin"]
[Result "0-1"]
[WhiteElo "2192"]
[BlackElo "2481"]
[Annotator "ChessBase"]
[PlyCount "62"]
[EventDate "2018.07.06"]
[EventType "swiss"]
[EventCountry "SRB"]
[SourceTitle "playchess.com"]
[Source "ChessBase"]
[SourceQuality "1"]
[TimeControl "5400+30"]

1. e4 {[%emt 0:10:59]} d5 {[%emt 0:00:00]} 2. exd5 {[%emt 0:00:03]} Qxd5 {[%emt 0:00:18]} 3. Nc3 {[%emt 0:00:02]} Qd6 {[%emt 0:00:18]} 4. d4 Nf6 {[%emt 0:00:35]} 5. Nf3 {[%emt 0:01:35]} c6 {[%emt 0:00:12]} 6. Bc4 {[%emt 0:01:51]} Bg4 {[%emt 0:02:42]} 7. O-O {[%emt 0:02:15]} Nbd7 {[%emt 0:01:45]} 8. Re1 {[%emt 0:00:26]} Bxf3 {[%emt 0:06:01]} 9. Qxf3 {[%emt 0:01:14]} Qxd4 {[%emt 0:00:17]} 10. Bb3 {[%emt 0:00:04]} Qg4 {[%emt 0:02:12]} 11. Qe3 {[%emt 0:03:35]} e5 {[%emt 0:07:02]} 12. Ne4 {[%emt 0:02:48]} Qxe4 {[%emt 0:11:33]} 13. Qxe4 {[%emt 0:13:34]} Nxe4 {[%emt 0:00:04]} 14. Rxe4 {[%emt 0:00:02]} Bc5 {[%emt 0:03:04]} 15. Be3 {[%emt 0:05:26]} f5 {[%emt 0:03:17]} 16. Rc4 {[%emt 0:08:44]} Bxe3 {[%emt 0:00:16]} 17. fxe3 {[%emt 0:00:04]} Ke7 {[%emt 0:00:46]} 18. a4 {[%emt 0:02:06]} a5 {[%emt 0:01:22]} 19. Rf1 {[%emt 0:00:16]} g6 {[%emt 0:05:00]} 20. h4 {[%emt 0:00:02]} Rhf8 {[%emt 0:03:59]} 21. g4 {[%emt 0:00:38]} Nb6 {[%emt 0:03:06]} 22. Rc5 {[%emt 0:00:25]} Kd6 {[%emt 0:00:20]} 23. Rc3 {[%emt 0:02:08]} fxg4 {[%emt 0:00:55]} 24. Rd1+ {[%emt 0:00:01]} Ke7 {[%emt 0:01:17]} 25. Rc5 {[%emt 0:00:45]} Nd7 {[%emt 0:00:22]} 26. Rc4 {[%emt 0:00:11]} h5 {[%emt 0:05:47]} 27. c3 {[%emt 0:10:44]} Rad8 {[%emt 0:03:56]} 28. Re4 {[%emt 0:00:15]} Rf6 {[%emt 0:02:37]} 29. Rc4 {[%emt 0:03:13]} Nb6 {[%emt 0:04:19]} 30. Re4 {[%emt 0:02:41]} Rxd1+ {[%emt 0:00:23]} 31. Bxd1 {[%emt 0:09:35]} Rd6 {[%emt 0:00:38]} 0-1

[Event "XI Paracin Festival 2018"]
[Site "Paracin"]
[Date "2018.07.06"]
[Round "1"]
[White "Horton, Jamie A"]
[Black "Fernandez, Daniel Howard"]
[Result "1/2-1/2"]
[WhiteElo "2189"]
[BlackElo "2477"]
[Annotator "TA"]
[PlyCount "78"]
[EventDate "2018.07.06"]
[EventType "swiss"]
[EventCountry "SRB"]
[SourceTitle "playchess.com"]
[Source "ChessBase"]
[SourceQuality "1"]

{[%evp 18,78,67,41,87,37,42,-37,-17,-27,16,-20,33,0,111,70,70,71,58,50,60,59,53,38,73,75,82,67,44,30,76,76,85,95,87,90,112,100,132,66,131,93,87,82,82,82,82,82,89,82,82,82,82,82,110,110,110,100,98,0,91,0,84]} 1. d4 d6 2. c4 e5 3. Nc3 g6 4. Nf3 Bg7 5. e4 Bg4 6. d5 Nd7 7. Be2 {A42: Moderne Verteidigung (mit c2-c4/ohne Sf6)} (7. h3 Bxf3 8. Qxf3 h5 9. Bd3 Kf8 10. O-O h4 11. Be3 Bh6 12. b4 Ndf6 13. c5 Bxe3 14. Qxe3 Nh5 {1-0 (47) Wang,Y (2718)-Ivanchuk,V (2710) Huaian 2016}) 7... Bxf3 8. Bxf3 h5 9. O-O a5 10. a3 {LiveBook: 3 Partien} Ke7 $146 ({Vorgänger:} 10... Kf8 11. Bd2 Bh6 12. Be1 Nc5 13. Na4 Nxa4 14. Qxa4 b6 {0-1 (72) Doric,D (2401)-Rukavina,J (2384) Sibenik 2006}) 11. Be3 (11. Bg5+ {with more complications.} f6 12. Bc1 Bh6 13. Be2 Kf7 14. f4) 11... Bh6 12. b4 ({Günstiger ist} 12. Bxh6 $14 Nxh6 13. Be2) 12... Bxe3 $15 13. fxe3 Ngf6 14. Qc2 Ra6 (14... axb4 $11 15. axb4 Rxa1 16. Rxa1 Qb8) 15. Be2 Qa8 (15... axb4 $11 {hält das Gleichgewicht.} 16. axb4 Rxa1 17. Rxa1 Qb8) 16. c5 axb4 17. Bxa6 bxc3 18. cxd6+ cxd6 19. Bd3 $1 Rc8 20. Qf2 Rc5 21. a4 $36 {[%mdl 2048] Schwarz muss aufpassen.} Qf8 22. Qh4 Qh6 23. Rf3 c2 24. Qe1 Qf8 25. Rc1 Qa8 26. Bb5 {Und weiter mit Dh4 wäre nett.} Nf8 27. Qf2 N8h7 {[#]} 28. Rxc2 (28. h3 $1 $16) 28... Qc8 (28... Rxc2 $14 29. Qxc2 Qd8) 29. Rxc5 Qxc5 30. h3 Qc1+ 31. Qf1 Qxf1+ 32. Rxf1 {[#] Und a5 würde nun gewinnen.} ({Bitte nicht} 32. Kxf1 $6 Ng5 $11) 32... Nxe4 $16 {[%mdl 4096] Endspiel KTL-KSS} 33. Rc1 Nc5 34. a5 Nf6 35. Bc4 h4 36. Rb1 Kd8 37. Rf1 Ke7 38. Rb1 Kd8 $1 39. Rf1 Ke7 {Precision: Weiß = 40%, Schwarz = 48%.} 1/2-1/2

[Event "XI Paracin Festival 2018"]
[Site "Paracin"]
[Date "2018.07.06"]
[Round "1"]
[White "Uysal, Burak"]
[Black "Harsha, Bharathakoti"]
[Result "0-1"]
[WhiteElo "2185"]
[BlackElo "2465"]
[Annotator "TA"]
[PlyCount "117"]
[EventDate "2018.07.06"]
[EventType "swiss"]
[EventCountry "SRB"]
[SourceTitle "playchess.com"]
[Source "ChessBase"]
[SourceQuality "1"]

{[%evp 11,117,7,22,0,8,8,8,8,14,2,21,3,26,16,32,44,42,37,43,0,0,-33,-26,-43,-38,-27,-14,-19,-24,-23,-29,-52,-44,-42,-44,-48,-44,-52,-47,-70,-58,-70,-79,-79,-58,-65,-66,-75,-31,-38,-43,-46,-58,-45,0,-47,-37,-25,0,-67,-17,-66,-63,-74,-72,-83,-67,-83,-83,-83,-87,-45,-83,-109,-89,-402,-427,-462,-443,-443,-438,-443,-315,-1069,-830,-1034,-992,-1000,-984,-949,-877,-2761,-2219,-4610,-1619,-29967,-7687,-29975,-29975,-29982,-29982,-29983,-29984,-29984,-29985,-29985,-29986,-29990]} 1. e4 e6 2. d4 d5 3. exd5 exd5 4. Nf3 Nc6 5. Nc3 {[%cal Bb1c3,Bc3e2,Be2g3][%mdl 32]} Bb4 6. Bd3 Bg4 {LiveBook: 17 Games} 7. Be3 {C01: French: Exchange Variation} (7. O-O Nge7 8. h3 Bh5 9. a3 Ba5 10. Be3 h6 11. Na4 Bb6 12. c3 O-O 13. Re1 Na5 14. Qe2 Re8 {½-½ (39) Hovhannisyan,R (2592)-Vallejo Pons,F (2706) Jerusalem 2015}) 7... Nge7 8. h3 Bf5 9. O-O {The position is equal.} Qd7 10. Ne2 $146 ({Predecessor:} 10. a3 Bxc3 11. bxc3 Na5 12. Ne5 Qe6 13. Re1 Bxd3 14. Nxd3 Qf6 {0-1 (29) Schreck,R (1937)-Magnussen,H (2084) Berlin 2016}) 10... Bd6 11. c3 f6 12. Bf4 O-O-O 13. Bxd6 Qxd6 14. Ng3 Bd7 15. Qc2 g5 16. Nh2 h5 17. Rae1 Rdf8 18. Nf5 Nxf5 19. Bxf5 Ne7 {[%cal Bc6e7,Be7g6,Bg6f4][%mdl 32]} 20. Bxd7+ Qxd7 21. Qe2 Ng6 22. Qe6 Nf4 23. Qxd7+ Kxd7 24. Re3 Re8 {Threatens to win with ...Ne2+.} 25. Rd1 Re4 26. Rd2 Rhe8 27. Nf1 h4 28. Rxe4 dxe4 $15 {[%mdl 4096] Endgame KRN-KRN} 29. Ne3 c6 30. d5 c5 31. a4 Rf8 32. Nf5 Re8 33. Ne3 Rd8 34. Kf1 Ke7 35. Ke1 ({White should play} 35. g3 $11 hxg3 36. fxg3) 35... Kf7 36. Kd1 Kg6 37. Kc2 f5 38. Kb3 Nd3 39. f3 {[#]} exf3 $1 40. Rxd3 f4 41. gxf3 fxe3 42. Rxe3 {Black must now prevent Kc4.} Rxd5 $17 {KR-KR} 43. Re7 $2 {[%mdl 8192]} (43. a5 $17) 43... Rd3 $19 44. Rxb7 Rxf3 45. Rxa7 Rxh3 46. a5 Rh1 47. Ka2 $2 (47. Ra8 Ra1 48. Kc4) 47... h3 48. Ra8 Rf1 49. Rg8+ Kh5 50. Rh8+ Kg4 51. b4 cxb4 52. cxb4 {[#]} Rf2+ $1 53. Kb3 h2 54. Kc4 Kg3 {Black mates.} 55. Kc5 Rf4 56. Rxh2 Kxh2 57. a6 g4 58. a7 Rf8 59. Kd4 {Precision: White = 40%, Black = 69%.} 0-1

[Event "XI Paracin Festival 2018"]
[Site "Paracin"]
[Date "2018.07.06"]
[Round "1"]
[White "Cirovic, Miroljub"]
[Black "Petrov, Martin"]
[Result "0-1"]
[WhiteElo "2183"]
[BlackElo "2441"]
[Annotator "ChessBase"]
[PlyCount "90"]
[EventDate "2018.07.06"]
[EventType "swiss"]
[EventCountry "SRB"]
[SourceTitle "playchess.com"]
[Source "ChessBase"]
[SourceQuality "1"]
[TimeControl "5400+30"]

1. d4 {[%emt 0:00:00]} Nf6 {[%emt 0:00:00]} 2. c4 {[%emt 0:00:00]} e6 {[%emt 0:00:00]} 3. Nf3 {[%emt 0:00:00]} b6 {[%emt 0:00:00]} 4. g3 {[%emt 0:00:00]} Ba6 {[%emt 0:00:00]} 5. Nbd2 {[%emt 0:00:19]} Bb4 {[%emt 0:03:47]} 6. Qc2 {[%emt 0:02:08]} Bb7 {[%emt 0:09:25]} 7. Bg2 {[%emt 0:00:08]} Be4 {[%emt 0:00:42]} 8. Qb3 {[%emt 0:00:05]} Bxd2+ {[%emt 0:00:14]} 9. Bxd2 {[%emt 0:00:06]} O-O {[%emt 0:00:06]} 10. O-O {[%emt 0:00:05]} d6 {[%emt 0:00:34]} 11. Rfd1 {[%emt 0:02:42]} Nbd7 {[%emt 0:01:29]} 12. Qe3 {[%emt 0:02:18]} Qc8 {[%emt 0:07:35]} 13. Bc3 {[%emt 0:00:12]} Qa6 {[%emt 0:01:32]} 14. a4 {[%emt 0:03:34]} Rac8 {[%emt 0:10:56]} 15. b4 {[%emt 0:01:32]} Qb7 {[%emt 0:02:02]} 16. Bh3 {[%emt 0:02:14]} c6 {[%emt 0:08:18]} 17. Nd2 {[%emt 0:01:04]} Bg6 {[%emt 0:02:06]} 18. f3 {[%emt 0:02:36]} b5 {[%emt 0:01:36]} 19. Rdc1 {[%emt 0:05:49]} Nb6 {[%emt 0:01:25]} 20. Qf4 {[%emt 0:08:40]} Qe7 {[%emt 0:05:26]} 21. axb5 {[%emt 0:02:32]} cxb5 {[%emt 0:00:06]} 22. c5 {[%emt 0:00:18]} Nfd5 {[%emt 0:01:41]} 23. Qh4 {[%emt 0:04:47]} Qxh4 {[%emt 0:01:13]} 24. gxh4 {[%emt 0:00:05]} Na4 {[%emt 0:00:18]} 25. Ra3 {[%emt 0:00:18]} dxc5 {[%emt 0:08:27]} 26. dxc5 {[%emt 0:00:22]} Ndxc3 {[%emt 0:02:24]} 27. Raxc3 {[%emt 0:00:34]} Nxc3 {[%emt 0:00:17]} 28. Rxc3 {[%emt 0:00:06]} Rfd8 {[%emt 0:02:53]} 29. Nb3 {[%emt 0:00:12]} Rd1+ {[%emt 0:00:55]} 30. Kf2 {[%emt 0:00:06]} Kf8 {[%emt 0:01:16]} 31. Bg2 {[%emt 0:01:05]} Ke7 {[%emt 0:03:00]} 32. f4 {[%emt 0:00:08]} f6 {[%emt 0:00:24]} 33. Na5 {[%emt 0:01:28]} Be8 {[%emt 0:00:42]} 34. f5 {[%emt 0:04:32]} Rd4 {[%emt 0:03:21]} 35. Nb7 {[%emt 0:02:04]} Rxb4 {[%emt 0:04:29]} 36. Nd6 {[%emt 0:00:22]} Rxc5 {[%emt 0:02:44]} 37. Rxc5 {[%emt 0:00:08]} Kxd6 {[%emt 0:00:04]} 38. Rc8 {[%emt 0:00:04]} Bd7 {[%emt 0:00:16]} 39. Rg8 {[%emt 0:00:52]} exf5 {[%emt 0:00:43]} 40. h5 {[%emt 0:00:36]} Rf4+ {[%emt 0:03:51]} 41. Bf3 {[%emt 0:00:41]} b4 {[%emt 0:00:33]} 42. Ke3 {[%emt 0:00:25]} Rc4 {[%emt 0:00:46]} 43. Ra8 {[%emt 0:02:00]} Rc7 {[%emt 0:01:09]} 44. Rb8 {[%emt 0:00:10]} a5 {[%emt 0:00:13]} 45. Ra8 {[%emt 0:00:15]} a4 {[%emt 0:00:13]} 0-1

[Event "XI Paracin Festival 2018"]
[Site "Paracin"]
[Date "2018.07.06"]
[Round "1"]
[White "Gochev, Mladen"]
[Black "Arsovic, Zoran"]
[Result "0-1"]
[WhiteElo "2181"]
[BlackElo "2436"]
[Annotator "NA"]
[PlyCount "77"]
[EventDate "2018.07.06"]
[EventType "swiss"]
[EventCountry "SRB"]
[SourceTitle "playchess.com"]
[Source "ChessBase"]
[SourceQuality "1"]
[TimeControl "5400+30"]

1. d4 {[%emt 0:00:00]} Nf6 {[%emt 0:00:00]} 2. g3 {[%emt 0:00:20]} c5 {[%emt 0:02:40]} 3. dxc5 {[%emt 0:05:03]} e6 {[%emt 0:01:54]} 4. Bg2 {[%emt 0:00:56]} Bxc5 {[%emt 0:00:52]} 5. Nf3 {[%emt 0:00:46]} O-O {[%emt 0:00:55] A46: 1 d4 Nf6 2 Nf3 e6: Torre, London and Colle Systems} (5... d5 6. c4 Nc6 7. cxd5 exd5 8. O-O O-O 9. Nbd2 Bb6 10. Nb3 d4 11. Bf4 Re8 12. Qd3 Bg4 13. Rfd1 Qe7 14. h3 Nb4 15. Qb5 d3 16. exd3 Bd7 17. Qg5 h6 {0-1 (41) Stupak,K (2502)-Sutovsky,E (2665) Plovdiv 2010}) 6. O-O {[%emt 0:00:18] LiveBook: 7 Games} d5 {[%emt 0:04:22]} 7. b3 {[%emt 0:00:45]} Nc6 {[%emt 0:06:33]} 8. Bb2 {[%emt 0:01:30]} Qe7 {[%emt 0:02:06]} 9. Ne5 {[%emt 0:03:20]} Nxe5 $146 {[%emt 0:04:46]} ({Predecessor:} 9... Rd8 10. Nd2 Nxe5 11. Bxe5 b6 12. Qc1 Bb7 13. a3 a5 14. Qb2 Ne8 15. Bd4 Rac8 16. Bxc5 bxc5 {½-½ (45) Muehlberg,S-Handel,H Leipzig 1956}) 10. Bxe5 {[%emt 0:00:03]} Rd8 {[%emt 0:00:11]} 11. e3 {[%emt 0:02:12]} Bd7 {[%emt 0:03:05]} 12. Qe2 {[%emt 0:03:46]} Rac8 {[%emt 0:05:34]} 13. Rc1 {[%emt 0:13:47]} Be8 {[%emt 0:19:24]} 14. a3 {[%emt 0:00:59]} a6 {[%emt 0:04:03]} 15. Bd4 {[%emt 0:05:37]} Bb5 {[%emt 0:01:26]} 16. Qe1 {[%emt 0:00:32]} Bd6 {[%emt 0:00:25]} 17. a4 {[%emt 0:03:46]} Bc6 {[%emt 0:03:25]} 18. Nd2 {[%emt 0:02:03]} e5 {[%emt 0:05:38]} 19. Bb2 {[%emt 0:00:51]} Qe6 {[%emt 0:02:22]} 20. Qe2 {[%emt 0:00:29]} h5 {[%emt 0:02:08]} 21. c4 {[%emt 0:03:38]} h4 {[%emt 0:06:04]} 22. cxd5 {[%emt 0:05:21]} Bxd5 {[%emt 0:00:09]} 23. Rxc8 {[%emt 0:04:57]} Rxc8 {[%emt 0:00:07]} 24. Bxd5 {[%emt 0:00:07]} Nxd5 {[%emt 0:03:55]} 25. Nc4 {[%emt 0:01:36]} Bb8 {[%emt 0:04:10]} 26. Rd1 {[%emt 0:01:21]} Nf6 {[%emt 0:00:22]} 27. a5 {[%emt 0:00:57]} Qf5 {[%emt 0:01:21]} 28. f3 {[%emt 0:02:25]} hxg3 {[%emt 0:05:29]} 29. hxg3 {[%emt 0:01:30]} Qg5 {[%emt 0:00:17]} 30. Kg2 {[%emt 0:03:44]} Nh5 {[%emt 0:00:50]} 31. g4 {[%emt 0:02:48]} e4 {[%emt 0:01:46]} 32. Rh1 {[%emt 0:08:59]} Ng3 {[%emt 0:02:54]} 33. f4 {[%emt 0:00:14]} Qxf4 {[%emt 0:00:16]} (33... Nxe2 $2 {perishes.} 34. fxg5 Rc5 35. Rd1 $18) 34. exf4 {[%emt 0:01:01]} Nxe2 {[%emt 0:00:03]} 35. f5 {[%emt 0:00:20]} Nf4+ $17 {[%emt 0:00:21]} 36. Kf1 {[%emt 0:05:45]} Rd8 {[%emt 0:00:26]} 37. Ke1 {[%emt 0:00:30]} Rd3 {[%emt 0:02:22]} 38. Rh2 {[%emt 0:01:49]} Rxb3 {[%emt 0:00:38]} 39. Bc1 0-1

[Event "XI Paracin Festival 2018"]
[Site "Paracin"]
[Date "2018.07.06"]
[Round "1"]
[White "Sahil, Tickoo"]
[Black "Lorparizangeneh, Shahin"]
[Result "0-1"]
[WhiteElo "2179"]
[BlackElo "2493"]
[Annotator "ChessBase"]
[PlyCount "104"]
[EventDate "2018.07.06"]
[EventType "swiss"]
[EventCountry "SRB"]
[SourceTitle "playchess.com"]
[Source "ChessBase"]
[SourceQuality "1"]
[TimeControl "5400+30"]

1. d4 {[%emt 0:00:00]} Nf6 {[%emt 0:00:00]} 2. c4 {[%emt 0:00:00]} g6 {[%emt 0:00:16]} 3. Nc3 {[%emt 0:00:09]} d5 {[%emt 0:00:05]} 4. cxd5 {[%emt 0:00:05]} Nxd5 {[%emt 0:00:04]} 5. e4 {[%emt 0:00:05]} Nxc3 {[%emt 0:00:03]} 6. bxc3 {[%emt 0:00:09]} Bg7 {[%emt 0:00:03]} 7. Be3 {[%emt 0:00:33]} c5 {[%emt 0:00:18]} 8. Rc1 {[%emt 0:00:05]} O-O {[%emt 0:01:13]} 9. Nf3 {[%emt 0:00:07]} Bg4 {[%emt 0:02:24]} 10. d5 {[%emt 0:00:50]} Nd7 {[%emt 0:03:54]} 11. Be2 {[%emt 0:05:09]} Qa5 {[%emt 0:02:25]} 12. Qd2 {[%emt 0:10:23]} c4 {[%emt 0:06:05]} 13. Bd4 {[%emt 0:29:33]} Bxf3 {[%emt 0:13:08]} 14. Bxf3 {[%emt 0:05:48]} Bxd4 {[%emt 0:06:11]} 15. Qxd4 {[%emt 0:02:20]} b5 {[%emt 0:06:57]} 16. O-O {[%emt 0:02:34]} Qc7 {[%emt 0:02:28]} 17. Rfd1 {[%emt 0:03:53]} Rab8 {[%emt 0:03:50]} 18. Be2 {[%emt 0:03:38]} Rfd8 {[%emt 0:08:03]} 19. g3 {[%emt 0:03:14]} Qb6 {[%emt 0:02:14]} 20. Kg2 {[%emt 0:06:49]} Qxd4 {[%emt 0:05:32]} 21. Rxd4 {[%emt 0:00:12]} Rb6 {[%emt 0:00:18]} 22. a4 {[%emt 0:18:30]} a6 {[%emt 0:17:18]} 23. Rb1 {[%emt 0:04:48]} Rdb8 {[%emt 0:01:40]} 24. axb5 {[%emt 0:00:07]} axb5 {[%emt 0:00:16]} 25. Rd2 {[%emt 0:02:15]} Nc5 {[%emt 0:08:47]} 26. f3 {[%emt 0:00:01]} Kf8 {[%emt 0:03:08]} 27. Rdb2 {[%emt 0:01:00]} Na4 {[%emt 0:01:23]} 28. Rc2 {[%emt 0:00:01]} Ke8 {[%emt 0:01:56]} 29. Rb4 {[%emt 0:00:11]} Nc5 {[%emt 0:00:28]} 30. Rcb2 {[%emt 0:00:58]} R6b7 {[%emt 0:00:18]} 31. Kf2 {[%emt 0:00:48]} Kd7 {[%emt 0:00:27]} 32. Ke3 {[%emt 0:00:16]} Na6 {[%emt 0:01:14]} 33. Kd4 {[%emt 0:01:14]} Kc7 {[%emt 0:00:25]} 34. f4 {[%emt 0:00:35]} Nxb4 {[%emt 0:00:30]} 35. Rxb4 {[%emt 0:00:01]} Ra8 {[%emt 0:00:45]} 36. Rb2 {[%emt 0:01:06]} e6 {[%emt 0:01:23]} 37. dxe6 {[%emt 0:00:28]} fxe6 {[%emt 0:00:01]} 38. Kc5 {[%emt 0:00:31]} Ra3 {[%emt 0:00:51]} 39. Bg4 {[%emt 0:00:29]} Rb6 {[%emt 0:01:49]} 40. Rxb5 {[%emt 0:00:26]} Rxb5+ {[%emt 0:00:54]} 41. Kxb5 {[%emt 0:00:01]} Rxc3 {[%emt 0:00:47]} 42. Bxe6 {[%emt 0:00:02]} Rc2 {[%emt 0:00:16]} 43. Bxc4 {[%emt 0:00:15]} Rxh2 {[%emt 0:00:02]} 44. Bg8 {[%emt 0:01:37]} Kd6 {[%emt 0:00:57]} 45. Kc4 {[%emt 0:00:11]} Rh3 {[%emt 0:00:51]} 46. e5+ {[%emt 0:00:54]} Ke7 {[%emt 0:00:01]} 47. Kd5 {[%emt 0:00:37]} h5 {[%emt 0:00:11]} 48. f5 {[%emt 0:00:29]} gxf5 {[%emt 0:00:06]} 49. Bh7 {[%emt 0:00:07]} Rxg3 {[%emt 0:00:10]} 50. Bxf5 {[%emt 0:00:05]} h4 {[%emt 0:00:07]} 51. Ke4 {[%emt 0:00:51]} h3 {[%emt 0:00:07]} 52. Kf4 {[%emt 0:00:01]} h2 {[%emt 0:00:10]} 0-1